Ethnicity & democracy in Africa (Record no. 62874)

MARC details
000 -LEADER
fixed length control field 01132nam a2200241 a 4500
008 - FIXED-LENGTH DATA ELEMENTS--GENERAL INFORMATION
fixed length control field 090323s2004 ||||||||||||||||| || u
020 ## - INTERNATIONAL STANDARD BOOK NUMBER
International Standard Book Number 0852558600
050 ## - LIBRARY OF CONGRESS CALL NUMBER
Classification number GN 645 ETH
100 ## - MAIN ENTRY--PERSONAL NAME
Personal name Berman, Bruce
245 10 - TITLE STATEMENT
Title Ethnicity & democracy in Africa
Statement of responsibility, etc. edited by Bruce Berman, Dickson Eyoh & Will Kymlicka
260 ## - PUBLICATION, DISTRIBUTION, ETC.
Place of publication, distribution, etc. Oxford
Name of publisher, distributor, etc. James Currey
Date of publication, distribution, etc. 2004
300 ## - PHYSICAL DESCRIPTION
Extent xv, 363p
350 ## -
-- 0.00
650 ## - SUBJECT ADDED ENTRY--TOPICAL TERM
Topical term or geographic name entry element Political anthropology--Africa
650 ## - SUBJECT ADDED ENTRY--TOPICAL TERM
Topical term or geographic name entry element ANTHROPOLOGY
650 ## - SUBJECT ADDED ENTRY--TOPICAL TERM
Topical term or geographic name entry element DEMOCRACY--AFRICA
650 ## - SUBJECT ADDED ENTRY--TOPICAL TERM
Topical term or geographic name entry element ETHNICITY--POLITICAL ASPECTS--AFRICA
700 ## - ADDED ENTRY--PERSONAL NAME
Personal name Eyoh, Dickson
700 ## - ADDED ENTRY--PERSONAL NAME
Personal name Kymlicka, Will
995 ## -
-- MAIN LIBRARY OPEN ACCESS
-- 0.00
-- 739803
-- CBU-MAIN LIBRARY (Kitwe)
-- 1
-- 0.00
-- GN 645 ETH
-- 2
-- AVAILABLE
-- Apr 23, 2009
-- 739803
-- Main Library Open Access Collection
995 ## -
-- MAIN LIBRARY OPEN ACCESS
-- 0.00
-- 739804
-- CBU-MAIN LIBRARY (Kitwe)
-- 1
-- 0.00
-- GN 645 ETH
-- 1
-- AVAILABLE
-- Apr 23, 2009
-- 739804
-- Main Library Open Access Collection
995 ## -
-- MAIN LIBRARY OPEN ACCESS
-- 0.00
-- 739363
-- CBU-MAIN LIBRARY (Kitwe)
-- 1
-- 0.00
-- GN 645 ETH
-- 3
-- AVAILABLE
-- Apr 23, 2009
-- 739363
-- Main Library Open Access Collection
999 ## -
-- 62874
-- 62874
Holdings
Withdrawn status Lost status Source of classification or shelving scheme Damaged status Not for loan Permanent Location Current Location Shelving location Date acquired Total Checkouts Full call number Barcode Date last seen Price effective from Koha item type
          CBU-MAIN LIBRARY, KITWE. CBU-MAIN LIBRARY, KITWE.   12/16/2022   GN 645 ETH 739803 12/16/2022 12/16/2022 MONOGRAPH
          CBU-MAIN LIBRARY, KITWE. CBU-MAIN LIBRARY, KITWE.   12/16/2022   GN 645 ETH 739804 12/16/2022 12/16/2022 MONOGRAPH
          CBU-MAIN LIBRARY, KITWE. CBU-MAIN LIBRARY, KITWE.   12/16/2022   GN 645 ETH 739363 12/16/2022 12/16/2022 MONOGRAPH